Cómputo de votos y candiadturas elección 2010. Presidencia y vicepresidencias, diputaciones a la Asamblea Legislativa y Regidurías Municipales
Guardado en:
| 格式: | Texto |
|---|---|
| 主題: | |
| 標簽: |
添加標簽
沒有標簽, 成為第一個標記此記錄!
|
MARC
| LEADER | 00000 a a2200000 04500 | ||
|---|---|---|---|
| 001 | 42842 | ||
| 003 | |||
| 040 | |||
| 245 | |a Cómputo de votos y candiadturas elección 2010. Presidencia y vicepresidencias, diputaciones a la Asamblea Legislativa y Regidurías Municipales | ||
| 650 | |a ELECCIONES | ||
| 650 | |a VOTACION | ||
| 650 | |a SISTEMAS ELECTORALES | ||
| 650 | |a PODER LEGISLATIVO | ||
| 650 | |a PODER EJECUTIVO | ||
| 650 | |a GOBIERNO LOCAL | ||
| 650 | |a COSTA RICA | ||
| 773 | |g volumen1, número1 (2010) | ||
| 999 | |c 28966 |d 28966 | ||
